Fictional/Mythological Places - Statistics

General Stats
  • This quiz has been taken 31 times
  • The average score is 5 of 25
Answer Stats
Description Location % Correct
City of concentric rings, that sank beneath the waves. Atlantis
100%
A lost city of gold, or originally the name of a supposedly-real tribal chief. El Dorado
78%
A place where impure souls have to wait in Catholicism. Purgatory
74%
An island where a sword was forged. This sword later ended up stuck in a rock. Avalon
57%
A harmonious valley located in the Himalayas. Shangri-La
43%
A city that has been the seat of Targaryens, Baratheons and Lannisters. King's Landing
39%
A forest planet of large, hairy humanoids. Kashyyyk
26%
The fiery home of fire giants. Muspelheim
22%
Another island that sank, roughly south-west of where hobbits live. Númenor
17%
Former city in the north of Tamriel, home to a wizard college. Winterhold
13%
A planet in Babylonian mythology. Nibiru
9%
The castle home of the Wolf School. Kaer Morhen
4%
A five-star restaurant at the end of everything. Milliways
4%
A deteriorating Age consisting of five islands. Riven
4%
An afterlife for ordinary souls in Greek mythology. Asphodel Meadows
0%
An underground city of snake people. Bhogavati
0%
A European duchy visited by Lupin III. Cagliostro
0%
A town in California, home to a biker gang. Charming
0%
Equivalent of Hell in Chinese mythology. Diyu
0%
A swampy planet, home to the Jacobs family. Eden-6
0%
A large nation, head of an empire located south of The Union. Gurkhul
0%
A city, home of a bounty hunter who hunts down robots that look like humans. New New York
0%
An island, home to a school for wizards and a grove that moves from location to location. Roke
0%
Planet of the Daleks. Skaro
0%
An island paradise of the Celtic Otherworld. Tír na nÓg
0%
No matching quizzes found
Score Distribution
Percent of People with Each Score
Percentile by Number Answered
Your Score History
You have not taken this quiz